Memoria e identidad /

La sostenida regresión de las memorias fuertes, que han regresado a lo largo del tiempo como ejes de construcción y cohesión de los grupos sociales, para ceder su sitio a memorias fragmentarias, oportunistas y hasta hedo-nistas, ha potenciado el interés por las teorías intentan explicar la dinámica...

Full description

Bibliographic Details
Main Author: Candau, Joel
Format: Libro
Language:Spanish
Published: Buenos Aires Del sol 2001
Edition:1a. ed.
Series:Serie Antropológica
Subjects:
Online Access:

MARC

LEADER 00000cam a2200000 a 4500
001 001602
003 UAHC_CL
005 20170803115745.0
008 040818s2001 ag 000 spa
020 |a 9509413941 
040 |a UAHC_CL  |c UAHC_CL  |d UAHC_CL 
100 1 |a Candau, Joel 
245 1 0 |a Memoria e identidad /  |c Joel Candau. 
250 |a 1a. ed. 
260 |b Del sol  |c 2001  |a Buenos Aires 
300 |a 202 p. 
490 0 |a Serie Antropológica 
520 |a La sostenida regresión de las memorias fuertes, que han regresado a lo largo del tiempo como ejes de construcción y cohesión de los grupos sociales, para ceder su sitio a memorias fragmentarias, oportunistas y hasta hedo-nistas, ha potenciado el interés por las teorías intentan explicar la dinámica de la identidad y su relación con esos acervos. La psicología exploró la memoria individual y sus vínculos con la identidad, y la sociología, por su parte, describió los procesos de identificación a nivel social, pero faltaba acaso una antropología de la memoria y la identidad, que profundizara, con la soprendente lucidez que se hace aquí, en la dialéctica de estos dos elementos unidos, mostrando como el discurso identitario se teje a partir de la memoria, a la que selecciona y organiza para que le sirva de basamento.\La tradición y el pasado son tallados así a la medida de las necesidades del sujeto. No importa al efecto que el relato sea o no verídico, basta con que se vivencie como real. El autor señala que la memoria es una reconstrucción continuamente actualizada del pasado, no una fiel restitución del mismo. Más que un contenido concreto es un marco de referencia y un conjunto de estrategias que nos ayudan a definirnos ante el mundo. Como toda pérdida de memoria es una pérdida de identidad, para sostener a esta última a menudo se reconstruye conjeturalmente a la primera, apelando al mito. 
521 |a Etnología I 
650 4 |a MEMORIA 
650 4 |a PSICOLOGIA SOCIAL 
650 4 |a IDENTIDAD (PSICOLOGIA) 
653 |a OB. ANTROPOLOGIA 
658 |a Manríquez, Viviana 
900 |a 153.12 CAN 
942 |c BK 
952 |0 0  |1 0  |2 ddc  |4 0  |6 153_120000000000000_CAN  |7 0  |8 General  |9 3647  |a BR  |b BR  |c General  |d 2017-08-03  |l 3  |m 6  |o 153.12 CAN  |p 1380444  |r 2026-01-14 00:00:00  |s 2024-10-18  |t 1  |w 2017-08-03  |x Texto rayado   |y BK  |z Fotocopia 
952 |0 0  |1 0  |4 0  |6 153_120000000000000_CAN  |7 0  |8 General  |9 3648  |a BC  |b BC  |c General  |d 2017-08-03  |o 153.12 CAN  |p 1382442  |r 2026-01-07 00:00:00  |t 3  |w 2017-08-03  |y BK 
999 |c 1602  |d 1602